| 000 | 00625nam a2200181 4500 | ||
|---|---|---|---|
| 001 | 112705 | ||
| 003 | ES-MaACL | ||
| 007 | t| | ||
| 008 | 061121m19481949sp r ||||1| spa d | ||
| 100 | 1 |
_aNieto Nieto, Gregorio. _985702 |
|
| 245 | 1 | 0 |
_aIdeas sobre psiquiatría forense / _cGregorio Nieto Nieto ; dibujos de Villanueva. |
| 250 | _a2ª. ed. | ||
| 260 |
_aSoria : _b[s.n.], _c1948-1949 ( _fTip. Moderna) |
||
| 300 |
_a2 v. ; _c16 cm. |
||
| 505 | 8 | _aContiene: Vol. I Cómo se explora al enfermo mental. Vol II Continente y contenido del psiquísmo | |
| 700 | 1 |
_aVillanueva. _9115011 |
|
| 852 |
_aES-MaACL _jE-5205-6 _bR.25735 |
||
| 999 |
_c112705 _d112705 |
||